| 000 | 01305cam a2200241 4500 | ||
|---|---|---|---|
| 001 | J108291 | ||
| 008 | 000000n2000 000 0 eng u | ||
| 035 | _a(Sirsi) u108291 | ||
| 050 | _a711.52 $2 18 | ||
| 110 |
_aEnglish Partnerships _91764 |
||
| 245 |
_aUrban design compendium _h[electronic resource] |
||
| 250 | _a1st ed. | ||
| 260 |
_aLondon _bLlewelyn-Davies _c2000 |
||
| 300 | _a122p. : ill. ; 30cm. | ||
| 520 | _aPrepared for English Partnerships and the Housing Corporation by Llewelyn-davies. The compendium is published to help equip project applicants, funding bodies and interested third parties with guidance on achieving and assessing the quality of urban design in developing and restoring urban areas. A second edition with updated information and a different focus was published in 2007 (L140503). | ||
| 650 | _aURBAN DESIGN | ||
| 690 |
_aPlanning and development _96259 |
||
| 710 | _aHousing Corporation | ||
| 710 |
_aLlewelyn-Davies _93592 |
||
| 856 | 4 | 1 |
_uhttps://www.englishpartnerships.co.uk/publications.htm#urbandesign _zView the compendium free of charge at www.englishpartnerships.co.uk... |
| 856 | 4 | 1 |
_uhttps://www.urbandesigncompendium.co.uk/OrderACopy.aspx _zView the entire compendium in one document free of charge at www.englishpartnerships.co.uk... |
| 942 | _n0 | ||
| 999 |
_c100766 _d100766 |
||